Secret Mission - Statistics

General Stats
  • This quiz has been taken 36 times
  • The average score is 7 of 12
Answers on the Map
Answers color-coded by a green-red scale on the quiz's map according to % correct below.
 
Answer Stats
Hint Answer % Correct
A "lost" sunken city, by Plato Atlantis
100%
Somewhere in the Atlantic where ships and aeroplanes have mysteriously disappeared Bermuda Triangle
100%
Mythical creature -who might exist- living in the largest lake (by volume) of Scotland Loch Ness Monster
93%
School where the Chamber of Secrets is located Hogwarts
86%
A society that secretly governs the world through dollar bill symbols The Illuminati
86%
Parisian hidden bone storing tunnels created in the 1700s The Catacombs of Paris
76%
With a population of 334 000, a German city. Or is it ? Bielefeld
45%
Rumoured underground tunnels under the famous Incan city in Peru Machu Picchu Tunnels
41%
A syndrome that started in Cuba, in 2016 , whose cause and cure still remains a mystery Havana Syndrome
38%
Message for Aliens carried by Voyager spacecrafts, containing our beloved planet 's secrets Golden Record
34%
Magic sentence Go type me in
17%
Hiding spot country Sweden
10%
No matching quizzes found
Score Distribution
Percent of People with Each Score
Percentile by Number Answered
Your Score History
You have not taken this quiz